000 00764nam a2200229Ia 4500
001 9590
003 GE_BSU
008 181216s||||||||xx |||||||||||||| ||und||
040 _cGE_BSU
080 _a82-93
100 _aმეგრელიშვილი,ავთანდილ
245 _aისწავლე და იმამაცე
245 _bლექსები
245 _cრედ.მინდია არაბული. მხატვ. კახი ხუციშვილი
260 _aთბილისი
260 _bნაკადული
260 _c1991
300 _a68გვ.ილ.16სმ.
653 _aისწავლე და იმამაცე
653 _aლექსები
942 _cBK
999 _c42881
_d42881